000 00612cam a22002052 4500
001 0000007402
005 20151217145837.0
008 080123s xx 000 0 eng d
020 _a8126117842 :
_cKES 2730
040 _aKABU
_cKABU
100 1 _aQureshi, Hasnain.
_@0000158643
245 1 0 _aEducational counselling /
_cHasnain Qureshi.
260 _aNew Delhi :
_bAnmol,
_c2004.
300 _aix, 391 p.
650 0 _aEducational counselling.
_@0000157260
908 _a080123
950 _@1
999 _c3196
_d3196